| 000 | 00766nam a22001577a 4500 | ||
|---|---|---|---|
| 003 | OSt | ||
| 005 | 20151003151635.0 | ||
| 008 | 151003b xxu||||| |||| 00| 0 eng d | ||
| 040 | _cRUA | ||
| 082 | _aAVM MIE 1999 B071 Or.1 | ||
| 100 |
_91919 _aMIECH, PHALLA. |
||
| 245 | _aAstudy of cost factors an dquality canned meat of traditional versus six-weed broiler meat in cambodia, ការសិក្សាលើកត្តាថ្លៃនិងគុណភាពនៃសាច់មាន់កំប៉ុងមាន់ក្នុងស្រុក ធៀបនឹងមាន់សាច់អាយុ៦សប្ដាហ៍នៅប្រទេសកម្ពុជា | ||
| 260 |
_aPhnom Penh _bRUA _c1999 |
||
| 300 |
_a41p. _bill. _c29cm. |
||
| 942 |
_2ddc _cAVM |
||
| 999 |
_c1812 _d1812 |
||